00535nam a2200157 a 450000100060000000300090000600800410001504000280005608200180008410000200010224500680012226000470019030000080023750000890024565000430033414480CO-ViMGA141112s2004 ck r 000 u spa d aCO-ViMGAbspacCO-ViMGA aFr986.1 O433v1 aOjeda O., Tomas10aVillavicencio entre la documentalidad y la oralidad 1880 - 1980 aVillavicencio : bOscar Giraldo D., c2000 a354 aEn : Villavicencio entre la documentalidad y la oralidad 1880 - 1980; FR 986.1 O433v14aVILLAVICENCIO - HISTORIA - 1880 - 1980